000 00771nam a2200217Ia 4500
003 GCL
008 140319s9999 xx 000 0 ara d
040 _aGCL /
_cGCL
082 0 4 _a668.412
_bس ت
100 1 _aسليمان خليفة
245 1 0 _aتكنولوجيا وقوالب الكبس /
_cسليمان خليفة
250 _aالاولى
260 _aسوريا :
_bدار دمشق للنشر والتوزيع والطباعة ،
_c1996
300 _a276 ص ؛
_c24 سم
490 _aسلسلة شذى لعلم البلاستيك
_v4
650 0 4 _aالبلاستيك
650 0 4 _aالبلاستيك - تشكيل
650 0 4 _aالبلاستيك - قوالب الكبس
650 0 4 _aالبلاستيك المقاوم للحرارة
942 _2ddc
_cBK
999 _c9892
_d9892